| 000 | 00698cem a2200205 4500 | ||
|---|---|---|---|
| 020 | _a0306803321 (pbk.) : | ||
| 082 | 0 | 0 |
_a355.009 _bBAN _cL-30II, P-81 |
| 100 | 1 |
_aBanks, Arthur. _947044 |
|
| 245 | 1 | 2 |
_aA world atlas of military history, 1861-1945 / _cby Arthur Banks. |
| 260 |
_aNew York : _bDa Capo, _c[1988], c1978. |
||
| 300 |
_a1 atlas ([9], 160, [22]) : _bchiefly maps ; _c23 cm. |
||
| 490 | 0 | _aA Da Capo paperback | |
| 500 | _aIncludes indexes. | ||
| 500 | _aReprint. Originally pub.: London : Seely Service, 1978. | ||
| 526 |
_a0 _b0 _c0 _d355_009000000000000_BAN |
||
| 650 | 0 |
_aHistorical geography _947033 |
|
| 650 | 0 |
_aMCE _9379 |
|
| 650 | 0 |
_aMilitary history _91735 |
|
| 942 |
_2ddc _cBK |
||
| 999 |
_c550345 _d550345 |
||